Premier League 2021/22 season stadiums - Statistics

General Stats
  • This quiz has been taken 35 times
  • The average score is 15 of 20
Answer Stats
Team Answer % Correct
Liverpool Anfield
97%
Manchester City Etihad
97%
Manchester United Old Trafford
97%
Arsenal Emirates
93%
Chelsea Stamford Bridge
93%
Everton Goodison Park
83%
Leicester City King Power Stadium
83%
Aston Villa Villa Park
79%
Newcastle United St. James' Park
76%
Crystal Palace Selhurst Park
72%
Leeds United Elland Road
69%
West Ham United London Stadium
69%
Southampton St. Mary's
69%
Burnley Turf Moor
69%
Brighton & Hove Albion The AMEX
66%
Tottenham Hotspur Tottenham Hotspur Stadium
66%
Wolverhampton Wanderers Molineux
62%
Norwich City Carrow Road
55%
Watford Vicarage Road
52%
Brentford Brentford Community Stadium
48%
No matching quizzes found
Score Distribution
Percent of People with Each Score
Percentile by Number Answered
Your Score History
You have not taken this quiz